Two or Less Border States - Statistics

General Stats
  • This quiz has been taken 14 times
    7 since last reset
  • The average score is 5 of 7
Answers on the Map
Answers color-coded by a green-red scale on the quiz's map according to % correct below.
 
Answer Stats
Answer % Correct
Alaska
83%
Hawaii
83%
Maine
67%
Washington
67%
Florida
50%
Rhode Island
50%
South Carolina
50%
No matching quizzes found
Score Distribution
Percent of People with Each Score
Percentile by Number Answered
Your Score History
You have not taken this quiz since the last reset